Macromediia dreamwever MX2004

Nội dung sách định nghĩa và lập kế hoạch cho website, tiến hành công việc với trang mẫu và các phần tử thư viện, làm việc với hình ảnh, bảng HTML, khung, lớp, "behavior", tích hợp các chương trình Macromedia khác như Flash và Fireworsk, sư...

Täydet tiedot

Tallennettuna:
Bibliografiset tiedot
Päätekijä: Nguyễn Trường Sinh (Chủ biên)
Muut tekijät: Lê Minh Hoàng, Hoàng Đức Hải
Aineistotyyppi: Kirja
Kieli:Vietnamese
Julkaistu: H. Lao động - Xã hội 2005
Aiheet:
Tagit: Lisää tagi
Ei tageja, Lisää ensimmäinen tagi!
Thư viện lưu trữ: Thư viện Trường Đại học Nam Cần Thơ
LEADER 01887nam a22002657a 4500
001 NCT_48297
008 180904b xxu||||| |||| 00| 0 vie d
999 |c 2313  |d 2313 
020 |c 69000 
082 0 4 |2 23rd ed.  |a 005.3  |b S312 
100 1 |a Nguyễn Trường Sinh  |e Chủ biên 
245 1 0 |a Macromediia dreamwever MX2004  |c Nguyễn Trường Sinh (chủ biên) ; Lê Minh Hoàng, Hoàng Đức Hải 
260 |a H.  |b Lao động - Xã hội  |c 2005 
300 |a 404 tr.  |b minh họa  |c 24cm 
520 3 |a Nội dung sách định nghĩa và lập kế hoạch cho website, tiến hành công việc với trang mẫu và các phần tử thư viện, làm việc với hình ảnh, bảng HTML, khung, lớp, "behavior", tích hợp các chương trình Macromedia khác như Flash và Fireworsk, sử dụng biểu mẫu, tích hợp nội dung động... 
653 |a Công nghệ thông tin 
700 1 |a Lê Minh Hoàng 
700 1 |a Hoàng Đức Hải 
942 |2 ddc  |c BK 
952 |0 0  |1 0  |2 ddc  |4 0  |6 005_300000000000000_S312  |7 0  |9 13379  |a 000001  |b 000001  |d 2018-09-04  |o 005.3 S312  |p MD.05245  |r 2018-09-04  |v 69000.00  |w 2018-09-04  |y BK 
952 |0 0  |1 0  |2 ddc  |4 0  |6 005_300000000000000_S312  |7 0  |9 13380  |a 000001  |b 000001  |d 2018-09-04  |o 005.3 S312  |p MD.05237  |r 2018-09-04  |v 69000.00  |w 2018-09-04  |y BK 
952 |0 0  |1 0  |2 ddc  |4 0  |6 005_300000000000000_S312  |7 0  |9 13381  |a 000001  |b 000001  |d 2018-09-04  |o 005.3 S312  |p MD.05250  |r 2018-09-04  |v 69000.00  |w 2018-09-04  |y BK 
952 |0 0  |1 0  |2 ddc  |4 0  |6 005_300000000000000_S312  |7 0  |9 13382  |a 000001  |b 000001  |d 2018-09-04  |o 005.3 S312  |p MD.05241  |r 2018-09-04  |v 69000.00  |w 2018-09-04  |y BK 
952 |0 0  |1 0  |2 ddc  |4 0  |6 005_300000000000000_S312  |7 0  |9 13383  |a 000001  |b 000001  |d 2018-09-04  |o 005.3 S312  |p MD.05242  |r 2018-09-04  |v 69000.00  |w 2018-09-04  |y BK 
980 |a Thư viện Trường Đại học Nam Cần Thơ